<?xml version="1.0" encoding="UTF-8"?>
<record
    xmlns:xsi="http://www.w3.org/2001/XMLSchema-instance"
    xsi:schemaLocation="http://www.loc.gov/MARC21/slim http://www.loc.gov/standards/marcxml/schema/MARC21slim.xsd"
    xmlns="http://www.loc.gov/MARC21/slim">

  <leader>04411nam a22002057a 4500</leader>
  <controlfield tag="003">OSt</controlfield>
  <controlfield tag="005">20190918122000.0</controlfield>
  <controlfield tag="008">180308b        xxu||||| |||| 00| 0 spa d</controlfield>
  <datafield tag="020" ind1=" " ind2=" ">
    <subfield code="a">9789870335801</subfield>
  </datafield>
  <datafield tag="040" ind1=" " ind2=" ">
    <subfield code="c">PJ</subfield>
  </datafield>
  <datafield tag="100" ind1=" " ind2=" ">
    <subfield code="9">18</subfield>
    <subfield code="a">Cassagne, Juan Carlos</subfield>
  </datafield>
  <datafield tag="245" ind1="1" ind2="0">
    <subfield code="a">Curso de derecho administrativo /</subfield>
    <subfield code="c">Juan Carlos Cassagne.</subfield>
    <subfield code="n">Tomo I.</subfield>
  </datafield>
  <datafield tag="250" ind1=" " ind2=" ">
    <subfield code="a">12a. ed.</subfield>
  </datafield>
  <datafield tag="260" ind1=" " ind2=" ">
    <subfield code="a">Ciudad Aut&#xF3;noma de Buenos Aires :</subfield>
    <subfield code="b">Thomson Reuters La Ley,</subfield>
    <subfield code="c">2018.</subfield>
  </datafield>
  <datafield tag="300" ind1=" " ind2=" ">
    <subfield code="a">xxx, 868 p.</subfield>
    <subfield code="c">24 cm.</subfield>
  </datafield>
  <datafield tag="500" ind1=" " ind2=" ">
    <subfield code="a">En los dos vol&#xFA;menes que componen esta 12&#xAA; edici&#xF3;n del Curso de Derecho Administrativo se abordan pr&#xE1;cticamente todos los temas de la parte general del Derecho Administrativo, con un enfoque realista y moderno que incorpora, por tanto, las novedades ocurridas en los &#xFA;ltimos a&#xF1;os. En esta se expone de una manera ordenada y org&#xE1;nica la teor&#xED;a del Derecho Administrativo y sus principios e instituciones b&#xE1;sicas partiendo del Estado y la Administraci&#xF3;n P&#xFA;blica, con sus diversos &#xF3;rganos y entes, las fuentes del derecho p&#xFA;blico, as&#xED; como el estudio del acto y contrato administrativo, la responsabilidad del Estado, la actividad de gravamen, los actos favorables y el contencioso administrativo, entre otras instituciones. Todo ello sobre la base de las nuevas tendencias que han introducido modificaciones a los cl&#xE1;sicos conceptos del derecho administrativo manejados por la doctrina y jurisprudencia nacional y comparada. En esta nueva edici&#xF3;n, adem&#xE1;s, el an&#xE1;lisis doctrinario y jurisprudencial sobre el Nuevo Constitucionalismo con el aporte de los m&#xE1;s autorizados exponentes del la Filosof&#xED;a del Derecho y, particularmente, su relaci&#xF3;n con los principios generales del Derecho P&#xFA;blico.
</subfield>
  </datafield>
  <datafield tag="505" ind1=" " ind2=" ">
    <subfield code="a">Contenidos.
v 1: T&#xCD;TULO PRIMERO - INTRODUCCI&#xD3;N
Cap&#xED;tulo I - El Estado y el orden jur&#xED;dico (normatividad, realidad y justicia) - Cap&#xED;tulo II - Las funciones estatales -Cap&#xED;tulo III - El contenido y las bases del derecho administrativo - Cap&#xED;tulo IV - La estructura del ordenamiento jur&#xED;dico - Cap&#xED;tulo V - Relaciones del derecho administrativo. Los m&#xE9;todos de interpretaci&#xF3;n y aplicaci&#xF3;n del derecho - Cap&#xED;tulo VI - Las fuentes del derecho administrativo - 
T&#xCD;TULO SEGUNDO - LA ORGANIZACI&#xD3;N DEL ESTADO Y LAS EMPRESAS P&#xDA;BLICAS - Cap&#xED;tulo I - &#xD3;rganos y sujetos espec&#xED;ficos - Cap&#xED;tulo II - Principios jur&#xED;dicos de la organizaci&#xF3;n administrativa - Cap&#xED;tulo III - La Administraci&#xF3;n Central - Cap&#xED;tulo IV - Entidades descentralizadas y empresas p&#xFA;blicas - Cap&#xED;tulo V - Entidades aut&#xE1;rquicas - Cap&#xED;tulo VI - Los nuevos entes reguladores - Cap&#xED;tulo VII - Las empresas del Estado - Cap&#xED;tulo VIII - Otras formas de intervenci&#xF3;n y participaci&#xF3;n estatal - Cap&#xED;tulo IX - La administraci&#xF3;n de las provincias y municipios (1). El r&#xE9;gimen de la Ciudad de Buenos Aires. Las regiones -
 T&#xCD;TULO TERCERO - RESPONSABILIDAD DEL ESTADO Y DE LOS AGENTES P&#xDA;BLICOS
Cap&#xED;tulo I - Teor&#xED;a general de la responsabilidad del Estado
Cap&#xED;tulo II - La responsabilidad extracontractual del Estado en el campo del derecho administrativo - Cap&#xED;tulo III - Situaciones especiales determinantes de la responsabilidad estatal - Cap&#xED;tulo IV - La responsabilidad de los agentes p&#xFA;blicos - Cap&#xED;tulo V - Las grandes l&#xED;neas de la evoluci&#xF3;n de la responsabilidad patrimonial del Estado en la jurisprudencia de la Corte Suprema
T&#xCD;TULO CUARTO - LA ACTUACI&#xD3;N ESTATAL REGULADA POR EL DERECHO ADMINISTRATIVO - Cap&#xED;tulo I - Caracterizaci&#xF3;n jur&#xED;dica de la actividad administrativa (de la Administraci&#xF3;n P&#xFA;blica y de los &#xF3;rganos legislativos y judiciales)
Cap&#xED;tulo II - Las potestades y situaciones jur&#xED;dicas subjetivas
Cap&#xED;tulo III - La teor&#xED;a del acto administrativo - Cap&#xED;tulo IV - Los actos de la administraci&#xF3;n - Cap&#xED;tulo V - Las cuestiones pol&#xED;ticas y su judicializaci&#xF3;n - 
T&#xCD;TULO QUINTO - EL R&#xC9;GIMEN JUR&#xCD;DICO DEL ACTO ADMINISTRATIVO - Cap&#xED;tulo I - Los elementos del acto administrativo - Cap&#xED;tulo II - El car&#xE1;cter regulado o discrecional del acto administrativo - Cap&#xED;tulo III - El sistema general de la invalidez administrativa -Cap&#xED;tulo IV - Saneamiento o convalidaci&#xF3;n - Cap&#xED;tulo V - Las prerrogativas de poder p&#xFA;blico en el acto administrativo - Cap&#xED;tulo VI - Extinci&#xF3;n del acto administrativo - Cap&#xED;tulo VII - El r&#xE9;gimen de los actos de las Empresas P&#xFA;blicas.
</subfield>
  </datafield>
  <datafield tag="650" ind1=" " ind2="0">
    <subfield code="9">211</subfield>
    <subfield code="a">DERECHO ADMINISTRATIVO</subfield>
  </datafield>
  <datafield tag="942" ind1=" " ind2=" ">
    <subfield code="c">LIB</subfield>
    <subfield code="2">udc</subfield>
    <subfield code="h">342.9</subfield>
    <subfield code="i">CAS</subfield>
  </datafield>
  <datafield tag="999" ind1=" " ind2=" ">
    <subfield code="c">3340</subfield>
    <subfield code="d">3340</subfield>
  </datafield>
  <datafield tag="952" ind1=" " ind2=" ">
    <subfield code="0">0</subfield>
    <subfield code="1">0</subfield>
    <subfield code="2">udc</subfield>
    <subfield code="4">0</subfield>
    <subfield code="7">0</subfield>
    <subfield code="a">DJS</subfield>
    <subfield code="b">DJS</subfield>
    <subfield code="d">2019-07-22</subfield>
    <subfield code="h">V. 1</subfield>
    <subfield code="l">1</subfield>
    <subfield code="o">342.9 CAS</subfield>
    <subfield code="p">6460</subfield>
    <subfield code="r">2024-06-26</subfield>
    <subfield code="s">2024-06-07</subfield>
    <subfield code="w">2019-07-22</subfield>
    <subfield code="y">LIB</subfield>
  </datafield>
</record>
